00421nam a22001457a 450000500170000000800410001702000220005804100120008008200270009210000090011924500670012826000600019530000090025536500110026420240813120936.0240808b |||||||| |||| 00| 0 eng d a978-93-92242-10-6 aEnglish aCH 610.7343 EEN DB1279 aEenu aTextbook of Community Health Nursing for GNM Nursing Students  aMohali, PunjabbVision Health Sciences Publishersc2023 a536p b650.00